000 00324nam a2200145Ia 4500
100 _aEliens/ Anton
942 _cBK
654 _aComputer
245 _aPrinciples of Object Oriented Software
260 _bADDISON WESLEY
_aWokingham
_c1995
082 _a5.1
_bELI
300 _a513
546 _aENGLISH
999 _c25285
_d25285